01529nam a2200349 a 4500001001200000003000800012006001900020007001500039008004100054020001800095020001800113020002700131040002100158035002100179050002200200082001400222100001800236245020000254260006200454300005800516504004100574533015200615588009600767650002600863650004000889650003300929650002800962655002900990710001701019856012601036999001701162ebr10731755CaPaEBRm o u cr cn|||||||||130719s2013 enkao sb 000 0 eng d z9780470671474 z9780470671481 z9781118500477 (e-book) aCaPaEBRcCaPaEBR a(OCoLC)85707662414aQL10b.R44 2013eb04a590.32231 aRees, Paul A.10aDictionary of zoo biology and animal managementh[electronic resource]ba guide to terminology used in zoo biology, animal welfare, wildlife conservation and livestock production /cPaul A. Rees. aChichester, West Sussex, U.K. :bWiley-Blackwell,cc2013. a1 online resource (xii, 322 p.) :bill., photographs. aIncludes bibliographical references. aElectronic reproduction.bPalo Alto, Calif. :cebrary,d2015.nAvailable via World Wide Web.nAccess may be limited to ebrary affiliated libraries. aDescription based on online resource; title from title page (ebrary, viewed July 19, 2013). 0aZoologyvTerminology. 0aWildlife conservationvTerminology. 0aAnimal welfarevTerminology. 0aLivestockvTerminology. 7aElectronic books.2local2 aebrary, Inc.40uhttp://site.ebrary.com/lib/rucke/Doc?id=10731755zAn electronic book accessible through the World Wide Web; click to view c36245d36245